Một vài suy nghĩ cần trao đổi với tác giả sách : Khắc hoạ chân dung tử tù trong lịch sử đấu tranh giữ nước giai đoạn 1858 - 1975 /
Salvato in:
| Autore principale: | |
|---|---|
| Natura: | Articolo |
| Lingua: | Vietnamese |
| Soggetti: | |
| Tags: |
Aggiungi Tag
Nessun Tag, puoi essere il primo ad aggiungerne! !
|
| Thư viện lưu trữ: | Thư viện Trường Đại học Đà Lạt |
|---|
| LEADER | 00884nam a2200265 4500 | ||
|---|---|---|---|
| 001 | DLU090087723 | ||
| 005 | ##20091017 | ||
| 040 | # | # | |a DLU |b vie |
| 041 | # | # | |a vie |
| 044 | # | # | |a vn |
| 100 | # | # | |a Nguyễn Trọng Hậu. |
| 245 | # | # | |a Một vài suy nghĩ cần trao đổi với tác giả sách : |b Khắc hoạ chân dung tử tù trong lịch sử đấu tranh giữ nước giai đoạn 1858 - 1975 / |c Nguyễn Trọng Hậu. |
| 653 | # | # | |a Hoạt động cách mạng |
| 653 | # | # | |a Nhà tù |
| 653 | # | # | |a Tù chính trị |
| 773 | # | # | |t Nghiên cứu lịch sử |g Số 2(321), 2002, tr. 89-91 |
| 920 | # | # | |a Phòng Tạp chí -- Trung tâm Thông tin - Thư viện Trường Đại học Đà Lạt |
| 994 | # | # | |a DLU |
| 900 | # | # | |a True |
| 911 | # | # | |a Nguyễn Thị Linh Chi |
| 925 | # | # | |a G |
| 926 | # | # | |a A |
| 927 | # | # | |a BB |
| 980 | # | # | |a Thư viện Trường Đại học Đà Lạt |